Situación de los salvadoreños ilegales en Estados Unidos
Guardado en:
| Formato: | Texto |
|---|---|
| Materias: | |
| Etiquetas: |
Agregar Etiqueta
Sin Etiquetas, Sea el primero en etiquetar este registro!
|
MARC
| LEADER | 00000 a a2200000 04500 | ||
|---|---|---|---|
| 001 | 5878 | ||
| 003 | |||
| 040 | |||
| 245 | |a Situación de los salvadoreños ilegales en Estados Unidos | ||
| 650 | |a REMESAS | ||
| 650 | |a FINANCIAMIENTO | ||
| 650 | |a DEFICIT | ||
| 650 | |a MIGRANTES | ||
| 650 | |a CREDITO | ||
| 773 | |g volumen 15, número 633; páginas 7-9 | ||
| 999 | |c 23853 |d 23853 | ||
